Statistics for Countries that Use a Dollar as their Currency

Click here to take the quiz!

General Stats

  • This quiz has been taken 66 times
  • The average score is 26 of 34

Answer Stats

Answer% Correct
Australia
92%
Canada
92%
New Zealand
92%
United States
92%
Barbados
88%
Nauru
88%
Bahamas
86%
Dominica
86%
Marshall Islands
86%
Palau
86%
Saint Kitts and Nevis
86%
Saint Lucia
86%
Saint Vincent and the Grenadines
86%
Antigua and Barbuda
84%
Jamaica
84%
Fiji
82%
Singapore
82%
Belize
80%
F. S. Micronesia
80%
Grenada
80%
Solomon Islands
80%
Tuvalu
80%
Trinidad and Tobago
78%
Kiribati
73%
Guyana
65%
El Salvador
63%
Taiwan
63%
East Timor
61%
Suriname
61%
Ecuador
57%
Brunei
55%
Zimbabwe
53%
Liberia
45%
Namibia
35%

Score Distribution

Percentile by Number Answered

Percent of People with Each Score

Your Score History

You have not taken this quiz